000 00745nam a2200277 a 4500
001 000107779
003 CHAP
005 20220329143943.0
008 131104s2011 nyu| |r| |||1|||eng|d
010 _a104241
011 _a105213
020 _a9780199567089
040 _cCHAP
082 0 4 _a330.015195
_bD73 2011
100 1 _aDougherty, Christopher
_9124520
245 1 0 _aIntroduction to econometrics /
_cpor Christopher Dougherty.
250 _a4 ed.
260 3 _aNew York :
_bOxford University Press,
_c2011.
300 _axvii, 573 p.
590 _aE11695DGD
_b10
_c20131105
_lUCH01
_h0924
590 _aE792CSJ
_b05
_c20131104
_lUCH01
_h0957
650 1 4 _aEconometría.
_935201
901 _aBK
942 _cLIBRO
942 _n0
999 _c104241
_d104241